| 000 | 00620nam a22001937a 4500 | ||
|---|---|---|---|
| 003 | OSt | ||
| 005 | 20260422071127.0 | ||
| 008 | 260422b |||||||| |||| 00| 0 eng d | ||
| 020 | _a0-7674-0605-2 | ||
| 040 |
_aDWC-Main lib _cOC |
||
| 082 | _aCirc. 792.028 M612a 2000 | ||
| 100 | _aMiller, Bruce J. | ||
| 245 |
_aThe actor as storyteller : _ban introduction to acting _cBruce J. Miller |
||
| 260 |
_aCalifornia : _bMayfield Publishing Company, _cc2000. |
||
| 300 |
_axiv, 289 pages : _c24 cm. |
||
| 504 | _aIncludes bibliographical references and index. | ||
| 650 | _a1. Acting. | ||
| 942 |
_2ddc _cBK-CIRC _hCirc. _n0 |
||
| 999 |
_c9710 _d9710 |
||